La juventud en Iberoamérica: tendencias y urgencias

Збережено в:
Бібліографічні деталі
Співавтори: CEPAL (Автор), Comisión Económica para América Latina y el Caribe (Автор)
Формат: Книга
Мова:Іспанська
Опубліковано: Santiago CEPAL 2004
Предмети:
Теги: Додати тег
Немає тегів, Будьте першим, хто поставить тег для цього запису!

MARC

LEADER 00000cam a2200000 a 4500
001 UCF3533
003 CL-VaPUC
008 121018e20041000CL |||||||||||||||||spa|d
082 0 4 |a 305.239  |b CEP  |2 21 
110 2 |a CEPAL  |e author  |9 565360 
710 2 |a Comisión Económica para América Latina y el Caribe  |e author  |9 565361 
245 1 3 |a La juventud en Iberoamérica: tendencias y urgencias 
300 |a 403 P 
942 |c BK 
945 |d 20121018 00:00:00  |a dcastane 
260 |a Santiago  |b CEPAL  |c 2004 
650 0 |a Adolescencia  |9 307361 
650 0 |a Aspectos sociales  |9 254894 
650 0 |a Juventud  |9 271073 
583 |a last modification  |c 20121018 14:27:00  |k Rodrigo Vera 
999 |c 349819  |d 349817 
952 |0 0  |1 0  |4 0  |6 305_239000000000000_CEP_2004  |7 0  |8 A  |9 452620  |a BIBHIS  |b BIBHIS  |d 2019-11-22  |i 4915836  |o 305.239 CEP 2004  |p 4915836  |r 2025-01-20  |w 2019-11-22  |y BK  |k HIS 
952 |0 0  |1 0  |3 erb  |4 0  |6 305_239000000000000_CEP_2004  |7 0  |8 A  |9 452621  |a BIBEDU  |b BIBEDU  |i 5137020  |o 305.239 CEP 2004  |p 5137020  |r 2019-11-22  |w 2019-11-22  |y BK  |z Catalogado en:20150305  |k EDU 
952 |0 0  |1 0  |3 erb  |4 0  |6 305_239000000000000_CEP_2004  |7 0  |8 A  |9 452622  |a BIBEDU  |b BIBEDU  |i 5137039  |o 305.239 CEP 2004  |p 5137039  |r 2019-11-22  |w 2019-11-22  |y BK  |z Catalogado en:20150305  |k EDU